Sociologie politique /
Uložené v:
| Hlavný autor: | |
|---|---|
| Médium: | Kniha |
| Jazyk: | French |
| Vydané: |
Paris :
Presses Universitaires de France,
1968.
|
| Vydanie: | 3. éd. |
| Edícia: | Thémis
|
| Témy: | |
| ISBN: |
(brož.) |
| Fyzický popis: |
506 s. |
| Tagy: |
Pridať tag
Žiadne tagy, Buďte prvý kto otaguje tento záznam!
|
Titul je dostupný aj v ... 

MARC
| LEADER | 00000nam a2200000 a 4500 | ||
|---|---|---|---|
| 001 | 000067775 | ||
| 003 | SVKK | ||
| 005 | 20101229111436.0 | ||
| 008 | 990310s1968 fr e freo | ||
| 020 | |a (brož.) | ||
| 040 | |a SVKKK |b slo |c SVKKK |e AACR2 | ||
| 041 | 0 | |a fre | |
| 044 | |a fr |c FR | ||
| 080 | |a 316:32 |2 1997 | ||
| 080 | |a 316.334.3 |2 1997 | ||
| 100 | 1 | |a Duverger, Maurice | |
| 245 | 1 | 0 | |a Sociologie politique / |c Maurice Duverger. |
| 250 | |a 3. éd. | ||
| 260 | |a Paris : |b Presses Universitaires de France, |c 1968. | ||
| 300 | |a 506 s. | ||
| 490 | 1 | |a Thémis | |
| 653 | 0 | |a sociológia politiky |2 SVKKKPH | |
| 655 | 7 | |a monografie |2 SVKKKPH | |
| 830 | 0 | |a Thémis | |
| 910 | |a svkkk | ||
| 974 | |a MI |d 19990310 | ||
| 974 | |a PA |d 19990310 | ||
| 974 | |a PA |d 19990928 | ||
| 998 | |a BK | ||
| 090 | |g SCKHL |k Sklad Hlavná 10 prízemie |a I.65524 |j 874977 |i 2720248467 |s Absenčne | ||